Ernest Hemingway Bibliography - Statistics

General Stats
  • This quiz has been taken 64 times
    5 since last reset
  • The average score is 12 of 194
Answer Stats
Type Year Name % Correct
Novel 1940 For Whom the Bell Tolls
100%
Novel 1929 A Farewell to Arms
80%
Novella 1952 The Old Man and the Sea
80%
Novel 1926 The Sun Also Rises
80%
Novel 1950 Across the River and into the Trees
40%
Memoir 1964 A Moveable Feast
40%
Collection of Short Stories 1927 Men Without Women
40%
Short Story 1933 A Clean, Well-Lighted Place
20%
Short Story 1933 A Natural History of the Dead
20%
Short Story 1927 A Simple Enquiry
20%
Short Story 1925 A Very Short Story
20%
Short Story 1933 A Way You'll Never Be
20%
Short Story 1925 Big Two-Hearted River (Part 1)
20%
Short Story 1925 Big Two-Hearted River (Part 2)
20%
Short Story 1925 Cat in the Rain
20%
Short Story 1925 Cross Country Snow
20%
Non-Fiction Book 1932 Death in the Afternoon
20%
Short Story 1933 Fathers and Sons
20%
Short Story 1927 Fifty Grand
20%
Short Story 1927 Hills Like White Elephants
20%
Short Story 1927 In Another Country
20%
Short Story 1925 Indian Camp
20%
Collection of Short Stories 1925 In Our Time
20%
Novel 1970 Islands in the Stream
20%
Short Story 1927 Now I Lay Me
20%
Short Story 1925 On the Quai at Smyrna
20%
Short Story 1925 Soldier's Home
20%
Short Story 1927 Ten Indians
20%
Short Story 1933 The Capital of the World
20%
Short Story 1925 The End of Something
20%
Short Story 1933 The Gambler, the Nun, and the Radio
20%
Novel 1986 The Garden of Eden
20%
Short Story 1927 The Killers
20%
Collection of Short Stories 1972 The Nick Adams Stories
20%
Short Story 1933 The Short Happy Life of Francis Macomber
20%
Short Story 1936 The Snows of Kilimanjaro
20%
Short Story 1925 The Three-Day Blow
20%
Novella 1926 The Torrents of Spring
20%
Short Story 1927 The Undefeated
20%
Novel 1937 To Have and Have Not
20%
Non-Fiction Book 1999 True at First Light
20%
Short Story 1923 Up in Michigan
20%
Collection of Poems 1979 88 Poems
0%
Short Story 1927 A Canary for One
0%
Poem 1949 Across the Board
0%
Short Story 1933 A Day's Wait
0%
Poem 1920 | 1931 Advice to a Son
0%
Short Story 1933 After the Storm
0%
Poem 1922 All Armies Are the Same
0%
Poem 1922 Along with Youth
0%
Short Story 1951 A Man of the World
0%
Short Story 1987 An African Story
0%
Short Story 1927 An Alpine Idyll
0%
Poem 1926 And Everything the Author Knows...
0%
Short Story 1927 A Pursuit Race
0%
Poem 1922 Asiero, Asiago
0%
Poem 1917 Athletic Verse: The Tackle, the Punt, the Safety Man
0%
Poem 1920 At Night I Lay with You
0%
Short Story 1987 A Train Trip
0%
Short Story 1987 Back Ass at the Cross Roads
0%
Short Story 1927 Banal Story
0%
Poem 1921 Bird of Night
0%
Poem 1949 Black-Ass Poem After Talking to Pamela Churchill
0%
Poem 1916 Blank Verse
0%
Poem 1922 Blood Is Thicker Than Water
0%
Non-Fiction Book 1967 By-Line: Earnest Hemingway
0%
Poem 1920 Captives
0%
Poem 1923 Champs d'Honneur
0%
Poem 1921 | 1923 Chapter Heading
0%
Short Story 1927 Che Ti Dice La Patria?
0%
Collection of Poems 1979 Complete Poems
0%
Poem 1949 Country Poem with Little Country
0%
Short Story 1972 Crossing the Mississippi
0%
Poem 1923 D'Annunzio
0%
Collection of Short Stories 1985 Dateline: Toronto
0%
Poem 1916 Dedicated to F W
0%
Poem 1945 Defense of Luxembourg
0%
Non-Fiction Book 1970 Ernest Hemingway: Cub Reporter
0%
Collection of Letters 1981 Ernest Hemingway Selected Letters 1917-1961
0%
Poem 1944 First Poem to Mary in London
0%
Poem 1923 Flat Roofs
0%
Poem 1922 For the Harlot Has a Harlot
0%
Short Story 1951 Get a Seeing-Eye Dog
0%
Poem 1920 God Is Away for the Summer
0%
Short Story 1933 God Rest You Merry, Gentlemen
0%
Poem 1922 Grass Smooth on the Prairies
0%
Short Story 1987 Great News from the Mainland
0%
Non-Fiction Book 1935 Green Hills of Africa
0%
Collection of Short Stories 2000 Hemingway on Fishing
0%
Collection of Short Stories 2003 Hemingway on Hunting
0%
Collection of Short Stories 2008 Hemingway on Paris
0%
Collection of Short Stories 2003 Hemingway on War
0%
Collection of Short Stories 1999 Hemingway on Writing
0%
Non-Fiction Book 1962 Hemingway, The Wild Years
0%
Short Story 1933 Homage to Switzerland
0%
Poem 1916 How Ballad Writing Affects Our Seniors
0%
Poem 1956 If My Valentine You Won't Be...
0%
Short Story 1987 I Guess Everything Reminds You of Something
0%
Poem 1922 I Like Americans
0%
Poem 1923 I Like Canadians
0%
Poem 1922 I'm off'n wild wimmen...
0%
Poem 1926 I Think That I Have Never Trod...
0%
Poem 1921 Killed Piave
0%
Poem 1922 Kipling
0%
Short Story 1987 Landscape with Figures
0%
Poem 1950 Lines to a Girl 5 Days After Her 21st Birthday
0%
Poem 1921 Lines to a Young Lady on Her Having Very Nearly Won a Vögel
0%
Poem 1935 Lines to Be Read at the Casting of...
0%
Poem 1926 Little Drops of Grain Alcohol
0%
Poem 1930 Little Mr. Wilson...
0%
Poem 1923 Mitraigliatrice
0%
Poem 1921 Mitrailliatrice
0%
Poem 1922 Montparnasse
0%
Short Story 1925 Mr. and Mrs. Elliot
0%
Short Story 1923 My Old Man
0%
Poem 1926 Neothomist Poem
0%
Short Story 1972 Nick Sat Against the Wall....
0%
Short Story 1969 Night Before Battle
0%
Poem 1920 Night Comes with Soft and Drowsy Plumes
0%
Short Story 1987 Nobody Ever Dies
0%
Poem 1922 Oily Weather
0%
Poem 1920 Oklahoma
0%
Short Story 1933 Old Man at the Bridge
0%
Short Story 1933 One Reader Writes
0%
Poem 1921 On Weddynge Gyfts
0%
Short Story 1972 On Writing
0%
Short Story 1923 Out of Season
0%
Poem 1929 Poem 1928
0%
Poem 1944 Poem to Mary (Second Poem)
0%
Poem 1944 Poetry
0%
Poem 1926 Portrait of a Lady
0%
Poem 1922 Riparto d'Assalto
0%
Poem 1922 Roosevelt
0%
Poem 1922 Schwarzwald
0%
Poem 1926 Sequel
0%
Poem 1922 Shock Troops
0%
Poem 1924 Someday When You Are Picked Up...
0%
Poem 1922 Stevenson
0%
Short Story 1972 Summer People
0%
Poem 1922 The Age Demanded
0%
Poem 1922 The Battle of Copenhagen
0%
Short Story 1925 The Battler
0%
Poem 1923 The Big Dance on the Hill
0%
Short Story 1969 The Butterfly and the Tank
0%
Collection of Letters 2011 The Cambridge Edition of the Letters of Ernest Hemingway
0%
Collection of Short Stories 1987 The Complete Short Stories of Ernest Hemingway: The Finca Vigía Edition
0%
Non-Fiction Book 1985 The Dangerous Summer
0%
Short Story 1969 The Denunciation
0%
Short Story 1925 The Doctor and the Doctor's Wife
0%
Poem 1922 The Earnest Liberals Lament
0%
Collection of Short Stories 1947 The Essential Hemingway
0%
Play 1938 The Fifth Column
0%
Writings Collection 1969 The Fifth Column and Four Stories of the Spanish Civil War
0%
Writings Collection 1938 The Fifth Column and the First Forty-Nine Stories
0%
Short Story 1972 The Indians Moved Away
0%
Poem 1918 The Inexpressible
0%
Poem 1924 The Lady Poets with Foot Notes
0%
Short Story 1972 The Last Good Country
0%
Short Story 1933 The Light of the World
0%
Short Story 1933 The Mother of a Queen
0%
Poem 1912 The Opening Game
0%
Poem 1925 The Poem Is by Maera
0%
Short Story 1987 The Porter
0%
Poem 1927 The Rail Ends Do Not Meet...
0%
Short Story 1925 The Revolutionist
0%
Poem 1918 There Was Ike and Tony and Jaque and Me
0%
Poem 1949 The Road to Avallon
0%
Poem 1917 The Safety Man
0%
Short Story 1933 The Sea Change
0%
Poem 1918 The Ship
0%
Collection of Short Stories 1984 The Short Stories of Ernest Hemingway
0%
Collection of Short Stories 1961 The Snows of Kilimanjaro and Other Stories
0%
Poem 1923 The Soul of Spain with McAlmon
0%
Poem 1923 The Sport of Kings
0%
Short Story 1987 The Strange Country
0%
Poem 1917 The Worker
0%
Poem 1922 They All Made Peace - What Is Peace?
0%
Short Story 1972 Three Shots
0%
Writings Collection 1923 Three Stories and Ten Poems
0%
Poem 1926 To a Tragic Paetess
0%
Poem 1924 To Chink Whose Trade Is Soldiering
0%
Short Story 1927 Today is Friday
0%
Poem 1922 To Good Guys Dead
0%
Poem 1920 To Will Davies
0%
Poem 1949 Travel Poem
0%
Poem 1921 Ultimately
0%
Non-Fiction Book 2005 Under Kilimanjaro
0%
Short Story 1969 Under the Ridge
0%
Poem 1927 Valentine
0%
Short Story 1972 Wedding Day
0%
Short Story 1933 Wine of Wyoming
0%
Collection of Short Stories 1933 Winner Take Nothing
0%
No matching quizzes found
Score Distribution
Percent of People with Each Score
Percentile by Number Answered
Your Score History
You have not taken this quiz since the last reset